| 000 | 00689nam a2200193 i 4500 | ||
|---|---|---|---|
| 001 | 75375 | ||
| 003 | ES-MaACL | ||
| 005 | 20250825075710.0 | ||
| 007 | t| | ||
| 008 | 040924s1930 sp ||||1| spa d | ||
| 100 | 1 |
_aGraña González, Manuel. _959670 |
|
| 245 | 1 | 3 |
_aLa escuela de periodismo : _bprogramas y métodos / _cManuel Graña González ; prólogo de José Francos Rodríguez. |
| 260 |
_aMadrid : _bC.I.A.P. [Compañía Iberoamericana de Publicaciones], _c1930. |
||
| 300 |
_a381 p. ; _c21 cm. |
||
| 650 | 4 |
_aPeriodismo- _xEstudio y enseñanza- _zEspaña _915944 |
|
| 700 | 1 |
_aFrancos Rodríguez, José, _d1862-1931 _952286 |
|
| 852 |
_aES-MaACL _jB-3999 |
||
| 999 |
_c75375 _d75375 |
||